Cities in Hessen - Statistics

General Stats
  • This quiz has been taken 54 times
  • The average score is 16 of 28
Answers on the Grid
Answers color-coded by a green-red scale on the quiz's grid according to % correct below.
Bad Lauterberg im Harz
Rüdesheim am Rhein
Bad Wildungen
Döbeln
Fulda
Schlüchtern
Senftenberg
Alsfeld
Ingolstadt
Marburg
Bad Kissingen
Nidda
Homberg (Efze)
Frankfurt and der Oder
Freigericht
Rodgau
Mannheim
Coesfeld
Celle
Ludwigsfelde
Hofgeimar
Meersburg
Düren
Rüsselsheim am Main
Kassel
Gießen
Frankfurt am Main
Stockach
Lauterbach
Ottweiler
Limburg an der Lahn
Wiesbaden
Sangerhausen
Offenbach am Main
Heppenheim (Bergstraße)
Tarp
Eschwege
Flensburg
Regensburg
Baunatal
Dietzenbach
Bürstadt
Neustadt an der Aisch
Hanau
Wetzlar
Weimar
Neubrandenburg
Bad Nauheim
Erkelenz
Obertshausen
 
Answer Stats
Answer % Correct
Fulda
88%
Marburg
81%
Frankfurt am Main
77%
Gießen
77%
Offenbach am Main
77%
Kassel
74%
Rüsselsheim am Main
72%
Wiesbaden
67%
Hanau
65%
Limburg an der Lahn
65%
Alsfeld
63%
Rüdesheim am Rhein
63%
Wetzlar
58%
Rodgau
56%
Baunatal
49%
Homberg (Efze)
49%
Nidda
49%
Dietzenbach
47%
Heppenheim (Bergstraße)
47%
Schlüchtern
47%
Bad Wildungen
44%
Eschwege
44%
Lauterbach
37%
Bad Nauheim
35%
Freigericht
33%
Hofgeimar
33%
Obertshausen
33%
Bürstadt
28%
No matching quizzes found
Score Distribution
Percent of People with Each Score
Percentile by Number Answered
Your Score History
You have not taken this quiz